|
|
|
|
| LEADER |
01713cas a2200253 a 4500 |
| 001 |
AALejournalIMF003203 |
| 008 |
230101c9999 xx r poo 0 0eng d |
| 020 |
|
|
|c 5.00 USD
|
| 020 |
|
|
|z 9781451859492
|
| 022 |
|
|
|a 1018-5941
|
| 040 |
|
|
|a BD-DhAAL
|c BD-DhAAL
|
| 100 |
1 |
|
|a Amiti, Mary.
|
| 245 |
1 |
0 |
|a Fear of Service Outsourcing :
|b Is It Justified? /
|c Mary Amiti, Shang-Jin Wei.
|
| 264 |
|
1 |
|a Washington, D.C. :
|b International Monetary Fund,
|c 2004.
|
| 300 |
|
|
|a 1 online resource (41 pages)
|
| 490 |
1 |
|
|a IMF Working Papers
|
| 500 |
|
|
|a <strong>Off-Campus Access:</strong> No User ID or Password Required
|
| 500 |
|
|
|a <strong>On-Campus Access:</strong> No User ID or Password Required
|
| 506 |
|
|
|a Electronic access restricted to authorized BRAC University faculty, staff and students
|
| 520 |
3 |
|
|a The recent media and political attention on service outsourcing from developed to developing countries gives the impression that outsourcing is exploding. As a result, workers in industrial countries are anxious about job losses. This paper aims to establish what are the hypes and what are the facts. The results show that although service outsourcing has been steadily increasing it is still very low, and that in the United States and many other industrial countries "insourcing" is greater than outsourcing. Using the United Kingdom as a case study, we find that job growth at a sectoral level is not negatively related to service outsourcing.
|
| 538 |
|
|
|a Mode of access: Internet
|
| 700 |
1 |
|
|a Wei, Shang-Jin.
|
| 830 |
|
0 |
|a IMF Working Papers; Working Paper ;
|v No. 2004/186
|
| 856 |
4 |
0 |
|z Full text available on IMF
|u http://elibrary.imf.org/view/journals/001/2004/186/001.2004.issue-186-en.xml
|z IMF e-Library
|